A biblical theology of missions. (Record no. 10182)

000 -LEADER
fixed length control field 00689nam a2200205 a 4500
001 - CONTROL NUMBER
control field :::00007967$&:&@@
003 - CONTROL NUMBER IDENTIFIER
control field OkBaRHE
005 - DATE AND TIME OF LATEST TRANSACTION
control field 20000607103340.0
008 - FIXED-LENGTH DATA ELEMENTS--GENERAL INFORMATION
fixed length control field s1972 j 000 0 eng u
040 ## - CATALOGING SOURCE
Transcribing agency
100 1# - MAIN ENTRY--PERSONAL NAME
Personal name Peters, George W.
245 12 - TITLE STATEMENT
Title A biblical theology of missions.
260 ## - PUBLICATION, DISTRIBUTION, ETC. (IMPRINT)
Place of publication, distribution, etc Chicago, IL., :
Name of publisher, distributor, etc Moody Press
Date of publication, distribution, etc 1972
300 ## - PHYSICAL DESCRIPTION
Extent 368 p. : illus. ;
Dimensions 24 cm.
650 ## - SUBJECT ADDED ENTRY--TOPICAL TERM
Topical term or geographic name as entry element Missions
General subdivision Biblical Teaching
650 ## - SUBJECT ADDED ENTRY--TOPICAL TERM
Topical term or geographic name as entry element Missions
General subdivision Theory
942 ## - ADDED ENTRY ELEMENTS (KOHA)
Source of classification or shelving scheme
Koha item type Books
Copies
Date last seen Barcode Withdrawn status Permanent Location Source of classification or shelving scheme Full call number Shelving location Lost status Koha item type Not for loan Damaged status Copy number Price effective from Date acquired
2010-04-147967 RHEMA Bible Training College BV 2073 .P48General Stacks Books  12010-04-142010-04-14
2010-04-1416752 RHEMA Bible Training College BV 2073 .P48General Stacks Books  22010-04-142010-04-14